| 000 | 00584nam a2200253Ia 4500 | ||
|---|---|---|---|
| 003 | IT-RoPAU | ||
| 008 | 120407s9999 xx 000 0 und d | ||
| 040 | _aIT-RoPAU | ||
| 040 | _cIT-RoPAU | ||
| 041 | _aita | ||
| 100 | _aHans Conzelmann | ||
| 245 | _a"Guida allo studio del Nuovo Testamento. Ed. It. a cura di Mauro Pesce." | ||
| 250 | _aCasale Monferrato | ||
| 260 | _aMarietti | ||
| 260 | _c1986 | ||
| 300 | _a454 p. | ||
| 300 | _c24 cm | ||
| 490 | _aCSANT Strumenti,1 | ||
| 490 | _v1 | ||
| 700 | _aLindemann | ||
| 700 | _aAndreas | ||
| 942 | _cBK | ||
| 999 |
_c34801 _d34801 |
||